000 00723cam a2200241 a 4500
001 000018215
005 20250128171937.0
008 920722s2002 sp 000 j spa d
020 _a8489669244
040 _aDO-SdBNP
_bspa
_cLC
_dBNPHU
082 _aA863.4
_bB732h
100 1 _aBorges, Jorge Luis,
_d1899-1986
_94173
245 1 0 _aHistoria universal de la infamia /
_cJorge Luis Borges.
260 _aMadrid :
_bEl País,
_c2002.
300 _a142 p. ;
_c21 cm.
490 1 _aClásicos del siglo XX
_v4
650 4 _aCuentos argentinos
_93752
650 4 _aLiteratura argentina
_ySIGLO XX
_914711
830 0 _aClásicos del siglo XX;
_v4
_939438
910 _aCatalogación derivada
910 _aWM
049 _aBNGR
999 _c17736
_d17736